|
|
|
|
| LEADER |
01258nam a2200337 i 4500 |
| 001 |
36407 |
| 003 |
BD-DhAAL |
| 005 |
20211129095239.0 |
| 008 |
191021t2019 nyua 001 0 eng d |
| 999 |
|
|
|c 41512
|d 41512
|
| 010 |
|
|
|a 2018042154
|
| 020 |
|
|
|a 9781324002185 (hardcover)
|
| 040 |
|
|
|a DLC
|b eng
|c DLC
|e rda
|d DLC
|d BD-DhAAL
|
| 042 |
|
|
|a pcc
|
| 050 |
0 |
0 |
|a HG4521
|b .M284 2019
|
| 082 |
0 |
0 |
|a 332.632042
|2 23
|
| 100 |
1 |
|
|a Malkiel, Burton Gordon
|9 36271
|
| 245 |
1 |
2 |
|a A random walk down Wall Street :
|b the time-tested strategy for successful investing /
|c Burton G. Malkiel.
|
| 260 |
|
|
|a New York :
|b W.W. Norton & Company,
|c 2019
|
| 300 |
|
|
|a 431 pages :
|b illustrations :
|c 25 cm.
|
| 500 |
|
|
|a Includes index.
|
| 526 |
|
|
|a BBS
|
| 541 |
|
|
|a Hye Trade International
|e 36407
|
| 650 |
|
0 |
|a Investments.
|9 36272
|
| 650 |
|
0 |
|a Stocks.
|9 36273
|
| 650 |
|
0 |
|a Random walks (Mathematics).
|9 36274
|
| 650 |
|
0 |
|a Finance.
|9 36275
|
| 650 |
|
0 |
|a Business & finance
|9 43238
|
| 852 |
|
|
|a Ayesha Abed Library
|c General Stacks
|
| 942 |
|
|
|2 ddc
|c BK
|
| 952 |
|
|
|0 0
|1 0
|2 ddc
|4 0
|6 332_632042000000000_MAL
|7 0
|9 66835
|a BRACUL
|b BRACUL
|c GEN
|d 2019-10-17
|e Hye Trade International
|g 2488.00
|l 6
|m 43
|o 332.632042 MAL
|p 3010036407
|q 2026-06-02
|r 2026-05-19
|s 2026-05-19
|t 1
|v 2488.00
|w 2019-10-17
|y BK
|